Ignacio Díaz Morales /

Spremljeno u:
Bibliografski detalji
Glavni autor: Díaz Morales, Ignacio (autor)
Daljnji autori: García Oropeza, Guillermo (texto) (texto), Gómez Barbosa, Alberto (fotógrafo) (fotógrafo)
Format: Knjiga
Jezik:španjolski
Izdano: Guadalajara, México : Universidad de Guadalajara, 1982, c1982
Oznake: Dodaj oznaku
Bez oznaka, Budi prvi tko označuje ovaj zapis!

MARC

LEADER 00000nam^a2200000^a^4500
001 000627245
005 20260220000000.0
009 20260310134050.721
037 |a Acervo ITESO - Biblioteca 
041 |a ESP 
091 |a FOB. 04029 
100 |a Díaz Morales, Ignacio  |e (autor) 
245 1 0 |a Ignacio Díaz Morales / 
264 4 |a Guadalajara, México :  |b Universidad de Guadalajara,  |c 1982, c1982 
300 |a 42, (46) p. 
336 |a texto  |b txt  |2 rdacontenido 
337 |a sin mediación  |b n  |2 rdamedio 
338 |a volumen  |b nc  |2 rdasoporte 
649 |a XX 
700 |a García Oropeza, Guillermo  |e (texto) 
700 |a Gómez Barbosa, Alberto  |e (fotógrafo) 
910 |a Fondo Carlos de Obeso Orendain 
920 |a Impresos - Libros 
930 |a Fondos Especiales 
905 |a 147 
901 |a 627245-10  |b IT2  |c ESP  |i D  |u 20260206 
902 |a https://opac.biblio.iteso.mx/vufind/Record/000627245